Ètnografičeskij obzor plemen Altaâ v džungarskij period

Elmentve itt :
Bibliográfiai részletek
Szerző: Potapov Leonid Pavlovič
Dokumentumtípus: Cikk
Megjelent: 1946
Sorozat:Izvestiâ Vsesoûznogo geografičeskogo obŝestva
Kulcsszavak:Néprajz - altaji népek
Tárgyszavak:
Online Access:http://misc.bibl.u-szeged.hu/64280
LEADER 00883nab a2200253 i 4500
001 misc64280
005 20230515121718.0
008 230313s1946 hu o 0|| rus d
040 |a SZTE Miscellanea Repozitórium  |b hun 
041 |a rus 
100 1 |a Potapov Leonid Pavlovič 
245 1 0 |a Ètnografičeskij obzor plemen Altaâ v džungarskij period  |h [elektronikus dokumentum] /  |c  Potapov Leonid Pavlovič 
260 |c 1946 
300 |a 223-234  |c 26 cm 
300 |a [12] p.  |c 26 cm 
490 0 |a Izvestiâ Vsesoûznogo geografičeskogo obŝestva 
561 |a Németh Gyula hagyaték 
591 |a NOA 4656 
650 4 |a Társadalomtudományok 
650 4 |a Szociológia 
650 4 |a Bölcsészettudományok 
650 4 |a Történettudomány és régészet 
695 |a Néprajz - altaji népek 
856 4 0 |u http://misc.bibl.u-szeged.hu/64280/1/4656_noa.pdf  |z Dokumentum-elérés